Volley: Pays Champions d'Europe (Hommes et Femmes) - Statistiques

Statistiques générales
  • Ce quiz a été pris 76 fois
  • Le résultat moyen est 11 sur 13
Statistiques - réponses
Réponse % Correct
Pologne
100%
France
98%
Italie
98%
URSS
95%
Russie
94%
Allemagne de l'Est
92%
Espagne
86%
Serbie
84%
Serbie-et-Monténégro
84%
Tchécoslovaquie
70%
Pays-Bas
65%
Roumanie
63%
Bulgarie
62%
Aucun quiz correspondant
Distribution des résultats
% des personnes avec chaque résultat
Percentile par nombre de réponses
Votre historique - résultats
Vous n’avez pas pris ce quiz